| 000 | 00944 a2200241 4500 | ||
|---|---|---|---|
| 005 | 20260408130109.0 | ||
| 008 | 260408b |||||||| |||| 00| 0 eng d | ||
| 020 | _a9789381997475 (hbk) | ||
| 037 | _cTB | ||
| 040 |
_aCRL _cCRL |
||
| 041 |
_2hin _ahin |
||
| 084 |
_aO152,3N45x Q8 _qCRL |
||
| 100 |
_aखान, उषाकिरण _9861969 |
||
| 245 | _aमौसम का दर्द | ||
| 260 |
_bअनन्य प्रकाशन, _c2015. _aदिल्ली, भारत: |
||
| 300 | _a152पृ. | ||
| 365 |
_b350.00 _cINR |
||
| 650 | _aहिन्दी कहानी | ||
| 650 | _aहिन्दी साहित्य | ||
| 700 |
_aमेहेर, छबिल कुमार _eसम्पादक |
||
| 942 |
_cTB _2CC _hO152,3N45x Q8 |
||
| 999 |
_c1466924 _d1466924 |
||